รวมกฎหมายไทย เล่ม ธ [ร4] (ระเบียนเลขที่ 15867)
| 000 -LEADER | |
|---|---|
| fixed length control field | 01859nam a22003737a 4500 |
| 005 - DATE AND TIME OF LATEST TRANSACTION | |
| control field | 20240814173817.0 |
| 008 - FIXED-LENGTH DATA ELEMENTS--GENERAL INFORMATION | |
| fixed length control field | m248525 th thaha d |
| 041 ## - LANGUAGE CODE | |
| Language code of text/sound track or separate title | tha |
| 090 ## - LOCALLY ASSIGNED LC-TYPE CALL NUMBER (OCLC); LOCAL CALL NUMBER (RLIN) | |
| Classification number (OCLC) (R) ; Classification number, CALL (RLIN) (NR) | KA204 ส895ร4 ล.ธ |
| 100 0# - MAIN ENTRY--PERSONAL NAME | |
| Personal name | เสถียร วิชัยลักษณ์ |
| 245 10 - TITLE STATEMENT | |
| Title | รวมกฎหมายไทย เล่ม ธ [ร4] |
| 260 3# - PUBLICATION, DISTRIBUTION, ETC. | |
| Place of publication, distribution, etc. | กรุงเทพฯ : |
| Name of publisher, distributor, etc. | นีติเวชช์, |
| Date of publication, distribution, etc. | 2485-2520 |
| 300 ## - PHYSICAL DESCRIPTION | |
| Extent | 1 เล่ม ; |
| Other physical details | 26 ซม. |
| 650 04 - SUBJECT ADDED ENTRY--TOPICAL TERM | |
| Topical term or geographic name entry element | น้ำมันเชื้อเพลิง (พ.ร.บ.) |
| 650 04 - SUBJECT ADDED ENTRY--TOPICAL TERM | |
| Topical term or geographic name entry element | กฎหมาย -- ไทย |
| 650 04 - SUBJECT ADDED ENTRY--TOPICAL TERM | |
| Topical term or geographic name entry element | ธง (พ.ร.บ.) |
| 650 04 - SUBJECT ADDED ENTRY--TOPICAL TERM | |
| Topical term or geographic name entry element | ธนาคารออมสิน (พ.ร.บ.) |
| 650 04 - SUBJECT ADDED ENTRY--TOPICAL TERM | |
| Topical term or geographic name entry element | ธนาคารอาคารสงเคราะห์ (พ.ร.บ.) |
| 650 04 - SUBJECT ADDED ENTRY--TOPICAL TERM | |
| Topical term or geographic name entry element | ธนาคารเพื่อการเกษตรและสหกรณ์การเกษตร (พ.ร.บ.) |
| 650 04 - SUBJECT ADDED ENTRY--TOPICAL TERM | |
| Topical term or geographic name entry element | ธนาคารและการธนาคาร -- กฎหมายและระเบียบข้อบังคับ |
| 650 04 - SUBJECT ADDED ENTRY--TOPICAL TERM | |
| Topical term or geographic name entry element | ธนาคารแห่งประเทศไทย (พ.ร.บ.) |
| 650 04 - SUBJECT ADDED ENTRY--TOPICAL TERM | |
| Topical term or geographic name entry element | ธนาคารแห่งประเทศไทย (พ.ร.บ.) |
| 650 04 - SUBJECT ADDED ENTRY--TOPICAL TERM | |
| Topical term or geographic name entry element | ธรรมนูญศาลทหาร (พ.ร.บ.) |
| 650 04 - SUBJECT ADDED ENTRY--TOPICAL TERM | |
| Topical term or geographic name entry element | ธรรมนูญศาลทหาร(พ.ร.บ.) |
| 650 04 - SUBJECT ADDED ENTRY--TOPICAL TERM | |
| Topical term or geographic name entry element | น้ำบาดาล (พ.ร.บ.) |
| 650 04 - SUBJECT ADDED ENTRY--TOPICAL TERM | |
| Topical term or geographic name entry element | น้ำบาดาล (พ.ร.บ.) |
| 650 04 - SUBJECT ADDED ENTRY--TOPICAL TERM | |
| Topical term or geographic name entry element | น้ำมันเชื้อเพลิง (พ.ร.บ.) |
| 650 04 - SUBJECT ADDED ENTRY--TOPICAL TERM | |
| Topical term or geographic name entry element | เนติบัณฑิตยสภา (พ.ร.บ.) |
| 700 0# - ADDED ENTRY--PERSONAL NAME | |
| Personal name | เสถียร วิชัยลักษณ์ |
| 850 ## - HOLDING INSTITUTION | |
| Holding institution | NALT |
| 942 ## - ADDED ENTRY ELEMENTS (KOHA) | |
| Koha item type | Reference Book |
| 997 ## - | |
| -- | 000000000015867 |
| 998 ## - LOCAL CONTROL INFORMATION (RLIN) | |
| -- | NOOPIN |
| -- | 25 |
| -- | นีลวัสน์ อินทรักษา |
| Withdrawn status | Lost status | Damaged status | Not for loan | Collection code | Home library | Current library | Total Checkouts | Full call number | Barcode | Date last seen | Price effective from | Koha item type |
|---|---|---|---|---|---|---|---|---|---|---|---|---|
| Law Book collection | National Assembly Library of Thailand | National Assembly Library of Thailand | KA 204 ส895ร4 ล.ธ | 3961127793 | 09/06/2017 | 09/06/2017 | Reference Book |
